000
00194 a2200097 4500
020
_a
9780060787127
041
_a
eng
100
_a
Cornwell, bernard
245
_a
The pale horseman
942
_c
BK
999
_c
11545
_d
11545